| 000 | 00461nam a2200181Ia 4500 | ||
|---|---|---|---|
| 005 | 20250508150454.0 | ||
| 008 | 008 250505s9999 xx 000 0 eng d | ||
| 037 | _aTextual | ||
| 040 |
_aFEDL _beng _cFEDL |
||
| 041 |
_aeng _2eng |
||
| 084 |
_aF, HUG _qFEDL |
||
| 100 | _aHugo Victor | ||
| 245 | 0 | _aLes miserables | |
| 260 |
_aNew York, USA _bThe Modern Library |
||
| 300 | _aviii,1222p. | ||
| 942 |
_cTEXL _hF, HUG |
||
| 999 |
_c1323813 _d1323813 |
||